000 00449nam a2200169Ia 4500
008 220204s9999 xx 000 0 und d
082 _a574(035)
_bPUG
245 0 _aHandbook of functional plant ecology
260 _aNew York
_bMarcel Dekker
650 _aCanopy photosynthesis
650 _aRemote sensing
650 _aTropical forests
650 _aWater relations
700 _aFernande
700 _aValladarfs, Francisco I
942 _cBK
999 _c41705
_d41705